[Event "Winter Series, S02002"]
[Site "CCLA"]
[Date "2020.02.25"]
[Round "?"]
[White "Hey, Brian"]
[Black "Disque, Philip"]
[Result "1-0"]
[WhiteElo "1934"]
[BlackElo "1671"]

1. e4 Nc6 2. Nf3 d6 3. d4 Nf6 4. Nc3 g6 5. h3 Bg7 6. Be3 O-O 7. Qd2 e5 8. 
d5 Ne7 9. O-O-O a6 10. g4 b5 11. Bd3 b4 12. Ne2 Nexd5 13. exd5 e4 14. Bxe4
Nxe4 15. Qxb4 Re8 16. Ned4 a5 17. Qa3 Bd7 18. Nd2 Qb8 19. Nxe4 Rxe4 20. 
Rd3 a4 21. Rhd1 Qb7 22. c4 Ree8 23. Kb1 Reb8 24. Bd2 Qa6 25. Rc1 Qb6 26. 
Bc3 Qa6 27. Bd2 Rb7 28. Rc2 Rab8 29. Bc1 Bxd4 30. Rxd4 Rb4 31. Bh6 Rb3 32.
 axb3 Rxb3 33. Qa2 Rxh3 34. Be3 f5 35. g5 f4 36. Rxf4 Rh1+ 37. Rc1 Rh5 38.
 Rf6 Qc8 39. Qa3 Qe8 40. Qd3 Rh3 41. Re1 Kg7 42. Qd4 Qe5 43. f4 Qxd4 44. 
Bxd4 Kg8 45. Re7 Rd3 46. Ref7 Rxd4 47. Rf8+ 1-0

[Event "Winter Series, S02002"]
[Site "CCLA"]
[Date "2020.02.25"]
[Round "?"]
[White "Ruiz, Glenn"]
[Black "Hey, Brian"]
[Result "0-1"]
[WhiteElo "1805"]
[BlackElo "1934"]

1. e4 e5 2. f4 exf4 3. Nf3 g5 4. Nc3 Bg7 5. d4 g4 6. Bc4 gxf3 7. Qxf3 d6 
8. Bxf4 Be6 9. Bxe6 fxe6 10. Rf1 Ne7 11. Be5 dxe5 12. Qf7+ Kd7 13. d5 Kc8 
14. Qxg7 exd5 15. exd5 Nd7 16. O-O-O Rf8 17. Rxf8 Qxf8 18. Qxh7 Nb6 19. d6
cxd6 20. Rxd6 Nc4 21. Qh3+ Nf5 22. Rg6 Kd7 23. Qd3+ Nfd6 24. Nd5 e4 25. 
Qh3+ Kc6 26. Rf6 Qg7 27. Nb4+ Kb6 28. Rxd6+ Nxd6 29. Qe3+ Kc7 30. Nd5+ Kd7
31. Qh3+ Kd8 32. Qh4+ Ke8 33. Nf6+ Kf8 34. Nh5 Qh6+ 35. Kb1 e3 0-1

[Event "Winter Series, S02002"]
[Site "CCLA"]
[Date "2020.02.25"]
[Round "?"]
[White "Ruiz, Glenn"]
[Black "Disque, Philip"]
[Result "1-0"]
[WhiteElo "1805"]
[BlackElo "1671"]

1. e4 e6 2. d3 d5 3. Nd2 c5 4. Ngf3 Nf6 5. g3 g6 6. Bg2 Bg7 7. O-O O-O 8. 
Re1 Nc6 9. c3 Re8 10. h4 b6 11. Qc2 Bb7 12. Nf1 Qc7 13. N1h2 Rad8 14. Bg5 
h6 15. Bd2 dxe4 16. dxe4 e5 17. Re3 c4 18. Rae1 Rd6 19. Bc1 Red8 20. Bf1 
b5 21. Be2 Bc8 22. Bf1 Ng4 23. Nxg4 Bxg4 24. Bg2 R8d7 25. Nh2 Be6 26. R3e2
Qd8 27. Be3 a5 28. Nf1 Kh7 29. Rd2 g5 30. Rxd6 Rxd6 31. hxg5 hxg5 32. Qc1 
g4 33. Nh2 Rd3 34. Bf1 Rd6 35. Bc5 Rd7 36. Be2 Bh6 37. Be3 Bxe3 38. Qxe3 
Qg8 39. Kg2 f5 40. Rh1 Kg6 41. exf5+ Bxf5 42. Nxg4 Bxg4 43. Bxg4 Rh7 44. 
Qe4+ Kg7 45. Rxh7+ Qxh7 46. Qxc6 1-0

[Event "Winter Series, S02002"]
[Site "CCLA"]
[Date "2020.02.25"]
[Round "?"]
[White "Disque, Philip"]
[Black "Hey, Brian"]
[Result "0-1"]
[WhiteElo "1671"]
[BlackElo "1934"]

1. d4 f5 2. Bg5 Nf6 3. Nd2 d5 4. e3 e6 5. Bd3 c5 6. c4 cxd4 7. exd4 dxc4 
8. Bxc4 Be7 9. Ne2 O-O 10. O-O Nc6 11. Nf3 Na5 12. Bd3 b6 13. a3 Bb7 14. 
b4 Bxf3 15. gxf3 Nc6 16. Bb5 Rc8 17. Qa4 Nd5 18. Bxe7 Ndxe7 19. Qb3 Rf6 
20. Rad1 Nd5 21. Kh1 Nce7 22. Rg1 Ng6 23. Bc4 Ngf4 24. Nxf4 Nxf4 25. Rg3 
Rh6 26. Bf1 Qh4 27. h3 Nh5 28. Kh2 Nxg3 29. fxg3 Qe7 30. Bc4 f4 31. d5 
fxg3+ 32. Kg2 Qh4 33. Rh1 Rxc4 34. Qa4 Rc8 35. d6 Qd4 36. Rd1 Qf2+ 0-1

[Event "Winter Series, S02002"]
[Site "CCLA"]
[Date "2020.02.25"]
[Round "?"]
[White "Disque, Philip"]
[Black "Ruiz, Glenn"]
[Result "1/2-1/2"]
[WhiteElo "1671"]
[BlackElo "1805"]

1. d4 Nf6 2. Nf3 e6 3. e3 c5 4. Bd3 d5 5. b3 Nc6 6. O-O Bd6 7. Bb2 O-O 8. 
Nbd2 Nb4 9. Be2 Ne4 10. Nxe4 dxe4 11. Ne5 Bxe5 12. dxe5 b6 13. a3 Nd5 14. 
c4 Ne7 15. Qc2 Bb7 16. Rad1 Qc7 17. Rd2 Rfd8 18. Rfd1 Rxd2 19. Qxd2 h6 20.
 Qd7 Rc8 21. Qxc7 Rxc7 22. Rd8+ Kh7 23. Bd1 g6 24. Bc3 Nc6 25. Rd6 Nb8 26.
 Be2 Rd7 27. h4 Rxd6 28. exd6 Nd7 29. g4 f5 30. Kh2 Kg8 31. Kg3 Kf7 32. 
Kf4 Bc6 33. g5 h5 34. b4 Bb7 35. b5 Ba8 36. Be5 1/2-1/2

[Event "Winter Series, S02002"]
[Site "CCLA"]
[Date "2020.02.25"]
[Round "?"]
[White "Ruiz, Glenn"]
[Black "Anderson, Clarence"]
[Result "1-0"]
[WhiteElo "1805"]
[BlackElo "1768"]

1. e4 g6 2. d4 Bg7 3. Nc3 d6 4. Be3 a6 5. Qd2 b5 6. f3 Nd7 7. h4 h5 8. Nh3
Bb7 9. Ng5 Ngf6 10. O-O-O e6 11. Qf2 O-O 12. Be2 b4 13. Nb1 a5 14. Nd2 Ba6
15. g4 Bxe2 16. Qxe2 e5 17. Nc4 exd4 18. Bxd4 Re8 19. gxh5 Nxh5 20. Qf2 Qe7 
21. Bxg7 Kxg7 22. Qd4+ Qf6 23. Qxf6+ Ndxf6 24. Rh2 Nf4 { Black withdrew } 1-0

[Event "Winter Series, S02002"]
[Site "CCLA"]
[Date "2020.02.25"]
[Round "?"]
[White "Anderson, Clarence"]
[Black "Hey, Brian"]
[Result "0-1"]
[WhiteElo "1768"]
[BlackElo "1934"]

1. d4 f5 2. g3 Nf6 3. Bg2 e6 4. c4 Be7 5. Nh3 O-O 6. O-O d6 7. b3 c6 8. 
Bb2 Qc7 9. Nd2 e5 10. c5 e4 11. cxd6 Bxd6 12. Nc4 Na6 13. Nxd6 Qxd6 14. 
Qc1 Be6 15. f3 exf3 16. Bxf3 Nb4 17. Nf4 Qd7 18. Nxe6 Qxe6 19. Ba3 a5 20. 
Bxb4 axb4 21. Qc4 Nd5 22. Bxd5 cxd5 23. Qd3 g6 24. Qd2 Rfe8 25. Qxb4 Qe3+ 
26. Rf2 Rac8 27. Rd1 Rc2 28. Qxb7 Rxe2 29. Qxd5+ Kg7 30. Qf3 Qxf3 31. Rxf3
Rxa2 32. Rf2 Ree2 33. Rxe2 Rxe2 34. d5 Kf7 35. d6 Ke8 36. d7+ Kd8 37. b4 
Rb2 38. Rd4 Rb3 39. Kf1 Rb2 40. h4 Rb3 41. Kf2 Rb2+ 42. Kf1 Rb3 43. Kf2 
Rb2+ 44. Kf3 { White withdrew } 0-1

[Event "Winter Series, S02002"]
[Site "CCLA"]
[Date "2020.02.25"]
[Round "?"]
[White "Anderson, Clarence"]
[Black "Disque, Philip"]
[Result "0-1"]
[WhiteElo "1768"]
[BlackElo "1671"]

1. d4 e6 2. c4 Bb4+ 3. Nd2 Nf6 4. Nf3 O-O 5. a3 Be7 6. e4 d5 7. e5 Nfd7 8.
 Bd3 c5 9. h4 g6 10. h5 cxd4 11. Qc2 Nc5 12. Bf1 d3 13. Bxd3 Nxd3+ 14. 
Qxd3 b6 15. Qe3 g5 16. cxd5 exd5 17. Nb3 h6 18. Nbd4 f5 19. g3 Ba6 20. Ne6
Qd7 21. Nxf8 Kxf8 22. Bd2 Bc5 23. Bb4 Qb5 24. Bxc5+ bxc5 25. Qd2 Nc6 26. 
O-O-O Qc4+ 27. Kb1 Qe4+ 28. Ka1 Qxf3 29. Qxd5 Qxd5 30. Rxd5 Rd8 31. Rxc5 
Nd4 32. Rc7 Be2 33. f4 {White withdrew} 0-1

[Event "Winter Server Series, S02003"]
[Site "CCLA"]
[Date "2020.02.25"]
[Round "?"]
[White "Ruiz, Glenn"]
[Black "Thomas, Gerald K."]
[Result "1-0"]
[WhiteElo "1831"]
[BlackElo "1678"]

1. e4 c5 2. g3 d5 3. Bg2 d4 4. d3 Nc6 5. Nd2 e5 6. a4 Be7 7. Nc4 Nf6 8. 
Nf3 Bg4 9. h3 Bxf3 10. Qxf3 h6 11. O-O O-O 12. Qe2 Nd7 13. f4 f6 14. f5 
Qe8 15. Bf3 Qb8 16. Bh5 Kh8 17. Bg6 Nd8 18. Qh5 Rg8 19. Bxh6 1-0

[Event "Winter Server Series, S02003"]
[Site "CCLA"]
[Date "2020.02.25"]
[Round "?"]
[White "Ruiz, Glenn"]
[Black "Smith, Jason A."]
[Result "1/2-1/2"]
[WhiteElo "1831"]
[BlackElo "1768"]

1. e4 Nf6 2. Nc3 d5 3. exd5 Nxd5 4. Bc4 Nxc3 5. bxc3 c5 6. Nf3 Nc6 7. O-O 
e6 8. d4 Be7 9. Be3 O-O 10. Rb1 b6 11. Bd3 cxd4 12. cxd4 Nb4 13. Be4 Nd5 
14. Bd2 Bb7 15. Qe2 Qc7 16. Ne5 Nf6 17. Bxb7 Qxb7 18. Bb4 Rac8 19. Bxe7 
Qxe7 20. c4 Rfd8 21. Rfd1 Nd7 22. Nf3 Nf8 23. Rbc1 Ng6 24. g3 Qf6 25. h4 
h6 26. Kg2 Re8 27. Re1 Ne7 28. Qe5 Qxe5 29. dxe5 Rc5 30. Re4 Ra5 31. Rc2 
Nc6 32. Ree2 Rd8 33. Rb2 Kf8 34. Re3 Ke7 35. a3 Nd4 36. Nxd4 Rxd4 37. Rb5 
Ra4 38. c5 Rd5 39. Reb3 Rxe5 40. cxb6 Rxb5 41. Rxb5 axb6 42. Rxb6 Rxa3 43.
 Rb7+ Kf6 44. Rb4 h5 45. Rf4+ Kg6 46. Re4 Ra6 47. Kf3 f6 48. Ke3 e5 49. 
Rb4 Kf5 50. Rc4 g5 51. hxg5 fxg5 52. Rb4 Ra3+ 53. Ke2 g4 54. Rc4 h4 55. 
gxh4 Rh3 56. Rc8 Rxh4 57. Rf8+ Ke6 58. Rg8 Kf7 59. Rg5 Kf6 60. Rg8 Kf5 61.
 Rf8+ Ke4 62. Rg8 Kd4 63. Rg7 Ke4 64. Rxg4+ 1/2-1/2

[Event "Winter Server Series, S02003"]
[Site "CCLA"]
[Date "2020.02.25"]
[Round "?"]
[White "Thomas, Gerald K."]
[Black "Ruiz, Glenn"]
[Result "0-1"]
[WhiteElo "1678"]
[BlackElo "1831"]

1. e4 c6 2. d4 d5 3. e5 Bf5 4. Bd3 Bxd3 5. Qxd3 e6 6. Nf3 Qa5+ 7. c3 Qa6 
8. Qxa6 Nxa6 9. Be3 c5 10. O-O b6 11. dxc5 Bxc5 12. Bxc5 Nxc5 13. Nbd2 Ne7
14. b4 Nd3 15. Rab1 Rc8 16. Rb3 Ng6 17. Ra3 Rc7 18. Nd4 Ndxe5 19. Nb5 Rd7 
20. Nxa7 Ke7 21. Nb5 Rc8 22. Rd1 Nc4 23. Nxc4 Rxc4 24. g3 Rc8 25. f4 Nf8 
26. Re1 g6 27. Na7 Rc4 28. Nb5 h5 29. h4 Nh7 30. Nd4 Nf6 31. Nf3 Rdc7 32. 
Re3 Ne4 33. Nd4 Rxc3 34. Rexc3 Rxc3 35. Rxc3 Nxc3 36. a3 f6 37. Kf2 e5 38.
 fxe5 fxe5 39. Nf3 Ne4+ 40. Kg2 Kd6 41. Ne1 b5 42. Kf3 Nd2+ 43. Ke2 Nc4 
44. Nc2 d4 45. Kf3 Kd5 46. g4 e4+ 47. Kf4 d3 48. Ne3+ Nxe3 49. Kxe3 Kc4 
50. gxh5 gxh5 0-1

[Event "Winter Server Series, S02003"]
[Site "CCLA"]
[Date "2020.02.25"]
[Round "?"]
[White "Thomas, Gerald K."]
[Black "Smith, Jason A."]
[Result "0-1"]
[WhiteElo "1678"]
[BlackElo "1768"]

1. e4 Nf6 2. Nc3 d5 3. e5 d4 4. Nb5 Ne4 5. Qe2 Nc5 6. Qc4 Ne6 7. Nf3 Nc6 
8. Qe2 a6 9. Na3 g6 10. d3 Bg7 11. Bd2 O-O 12. O-O-O Qd5 13. Kb1 Nxe5 14. 
Nxe5 Bxe5 15. Nc4 Bg7 16. Ba5 b5 17. Nd2 Bb7 18. Qe4 Qxe4 19. Nxe4 c5 20. 
Nd2 b4 21. Nc4 Rab8 22. Rg1 Bd5 23. Nb6 Rxb6 24. Bxb6 Rb8 25. Bxc5 Nxc5 
26. b3 a5 27. Be2 a4 28. Bf3 Bxf3 29. gxf3 axb3 30. axb3 e5 31. Kb2 f5 32.
 Rge1 Re8 33. Ra1 e4 34. fxe4 fxe4 35. Ra5 Re5 36. Ra8+ Kf7 37. Kb1 exd3 
38. Rd1 dxc2+ 39. Kxc2 Re2+ 40. Kb1 d3 41. Ra2 Bc3 42. Ra7+ Kf6 43. Ra2 
Rxa2 44. Kxa2 d2 45. Rf1 Kf5 46. h3 Kf4 47. Kb1 Nxb3 48. Ka2 Nd4 49. Rg1 
Kf3 50. Rd1 Ke2 51. Rxd2+ Kxd2 0-1

[Event "Winter Server Series, S02003"]
[Site "CCLA"]
[Date "2020.02.25"]
[Round "?"]
[White "Thomas, Gerald K."]
[Black "Zarges, Ron V."]
[Result "0-1"]
[WhiteElo "1678"]
[BlackElo "1744"]

1. e4 c5 2. c3 Nf6 3. e5 Nd5 4. d4 cxd4 5. Qxd4 e6 6. Nf3 Nc6 7. Qd1 f5 8.
 Be2 Qc7 9. Na3 Bxa3 10. bxa3 Nxe5 11. Bd2 Nxf3+ 12. Bxf3 Nxc3 13. Bxc3 
Qxc3+ 14. Ke2 Qe5+ 15. Kf1 O-O 16. Rb1 Rb8 17. g3 d5 18. Kg2 Bd7 19. Qd2 
b6 20. Rhe1 Qd6 21. Qb4 Qxb4 22. axb4 Rbc8 23. Ra1 Rc2 24. Rec1 Rxc1 25. 
Rxc1 Rc8 26. Rxc8+ Bxc8 27. Be2 e5 28. f3 Kf7 29. Kf2 Ke6 30. a3 d4 31. 
Bc4+ Kd6 32. Bd3 Be6 33. Ke2 g6 34. Kd2 Kd5 35. Bb1 e4 36. Ba2+ Ke5 37. 
Bxe6 Kxe6 38. f4 Kd5 39. Kc1 Kc4 40. Kc2 e3 41. h3 d3+ 42. Kd1 Kc3 43. h4 
e2+ 44. Ke1 d2+ 45. Kxe2 Kc2 0-1

[Event "Winter Server Series, S02003"]
[Site "CCLA"]
[Date "2020.02.25"]
[Round "?"]
[White "Smith, Jason A."]
[Black "Ruiz, Glenn"]
[Result "0-1"]
[WhiteElo "1768"]
[BlackElo "1831"]

1. Nf3 Nf6 2. d4 e6 3. e3 c5 4. Bd3 d5 5. b3 Nc6 6. a3 Bd6 7. Bb2 O-O 8. 
O-O b6 9. Nbd2 Bb7 10. Qe2 Rc8 11. Ne5 Ne7 12. f4 Ne4 13. Nxe4 dxe4 14. 
Ba6 Qc7 15. Bxb7 Qxb7 16. Nc4 Bb8 17. dxc5 Rxc5 18. Rad1 f5 19. Ne5 Nd5 
20. c4 Nf6 21. Rd2 Rcc8 22. Rfd1 Rc7 23. Rd8 Rc8 24. Qd2 Rcxd8 25. Qxd8 
Bxe5 26. Qd2 Bxb2 27. Qxb2 Qc7 28. Rc1 Rd8 29. b4 Rd3 30. c5 Ng4 31. cxb6 
Qxb6 32. h3 Qxe3+ 33. Kh1 Nf2+ 34. Kh2 Qxf4+ 35. g3 Qxg3# 0-1

[Event "Winter Server Series, S02003"]
[Site "CCLA"]
[Date "2020.02.25"]
[Round "?"]
[White "Smith, Jason A."]
[Black "Thomas, Gerald K."]
[Result "1-0"]
[WhiteElo "1768"]
[BlackElo "1678"]

1. Nf3 d5 2. e4 dxe4 3. Ng5 Nf6 4. Bc4 e6 5. Nc3 h6 6. Ngxe4 Nc6 7. O-O 
Nxe4 8. Nxe4 Be7 9. c3 O-O 10. d4 f5 11. Ng3 a6 12. Re1 Kh8 13. Bxe6 Bxe6 
14. Rxe6 Qd5 15. Re1 Rae8 16. Bf4 Bd6 17. Rxe8 Rxe8 18. Bxd6 cxd6 19. Qh5 
Rf8 20. Re1 Qf7 21. Qxf7 Rxf7 22. Re6 Re7 23. Rxd6 Re1+ 24. Nf1 Re2 25. d5
Na5 26. Re6 Rxe6 27. dxe6 Nc6 28. Ne3 Ne7 29. c4 Kg8 30. Nd5 Kf8 31. Kf1 
Nc6 32. e7+ Ke8 33. Ke2 Nxe7 34. Nxe7 Kxe7 35. Ke3 g5 36. h4 b6 37. hxg5 
hxg5 38. f4 g4 39. Kd4 Kd6 40. b4 b5 41. c5+ Ke6 42. c6 Kd6 43. c7 Kxc7 
44. Ke5 Kd7 45. Kxf5 Ke7 46. Kxg4 Kf6 47. f5 Kf7 48. Kf4 Kf6 49. g4 Kf7 
50. g5 Kf8 51. f6 Kf7 52. Kf5 Kf8 53. g6 Kg8 54. f7+ Kg7 55. Ke6 1-0

[Event "Winter Server Series, S02003"]
[Site "CCLA"]
[Date "2020.02.25"]
[Round "?"]
[White "Smith, Jason A."]
[Black "Zarges, Ron V."]
[Result "1-0"]
[WhiteElo "1768"]
[BlackElo "1744"]

1. Nf3 d5 2. d4 Nf6 3. Nbd2 Bf5 4. b3 e6 5. Nh4 Bd6 6. Nxf5 exf5 7. e3 O-O
8. Bd3 Ne4 9. Bb2 Bb4 10. Bxe4 fxe4 11. O-O Nd7 12. c3 Be7 13. c4 c6 14. 
cxd5 cxd5 15. Rc1 Rc8 16. Rxc8 Qxc8 17. Qc1 Qxc1 18. Rxc1 Bd6 19. Nb1 Nb6 
20. Ba3 Bxa3 21. Nxa3 Rc8 22. Rxc8+ Nxc8 23. Nb5 Kf8 24. f3 f5 25. Nc7 Ne7
26. Ne6+ Kg8 27. Kf2 h6 28. h4 b6 29. h5 Kf7 30. Nf4 Kf6 31. b4 b5 32. Ne2
g5 33. hxg6 Kxg6 34. Nf4+ Kf7 35. Kg3 Kf6 36. Kh4 Ng6+ 37. Nxg6 Kxg6 38. 
fxe4 fxe4 39. g4 1-0

[Event "Winter Server Series, S02003"]
[Site "CCLA"]
[Date "2020.02.25"]
[Round "?"]
[White "Zarges, Ron V."]
[Black "Smith, Jason A."]
[Result "1/2-1/2"]
[WhiteElo "1744"]
[BlackElo "1768"]

1. e4 Nf6 2. e5 Nd5 3. c4 Nb6 4. c5 Nd5 5. Nc3 Nxc3 6. dxc3 Nc6 7. Nf3 g6 
8. Bf4 Bg7 9. Bd3 O-O 10. O-O b6 11. cxb6 axb6 12. Re1 Bb7 13. Nd4 Ra5 14.
 b4 Ra3 15. Nb5 Ra8 16. e6 d6 17. exf7+ Kh8 18. Qb3 Ne5 19. Bxe5 Bxe5 20. 
Nd4 Bxd4 21. cxd4 d5 22. Re3 Rxf7 23. Rae1 Qd6 24. Bf1 Raf8 25. f3 Bc8 26.
 Qb2 g5 27. Qc3 g4 28. fxg4 Bxg4 29. Be2 Qf4 30. Bf3 h5 31. Qd3 h4 32. Qe2
Bxf3 33. Qxf3 Qxd4 34. Qh5+ Kg8 35. Qg5+ Rg7 36. Qe5 Qxe5 37. Rxe5 h3 38. 
g3 Rf4 39. a3 Rf3 40. Rxd5 Rxa3 41. Rh5 Rh7 42. Rg5+ Kf8 43. Rf1+ Ke8 44. 
Rd5 Rb3 45. Rd4 Rb2 46. Rf2 Rb1+ 47. Rf1 Rxf1+ 48. Kxf1 e5 49. Re4 Rh5 50.
 Ke2 Kd7 51. Kf3 Kd6 52. g4 Rh7 53. g5 c5 54. bxc5+ bxc5 55. g6 Rg7 56. 
Rh4 Rxg6 57. Rxh3 Kd5 58. Rh8 Rf6+ 59. Ke3 Rf4 60. h4 Kc4 61. h5 Rh4 62. 
h6 Kc3 63. h7 c4 64. Ke2 Re4+ 65. Kf3 Rf4+ 66. Ke3 Rh4 67. Ke2 Re4+ 68. 
Kf3 1/2-1/2

[Event "Winter Server Series, S02003"]
[Site "CCLA"]
[Date "2020.02.25"]
[Round "?"]
[White "Ruiz, Glenn"]
[Black "Zarges, Ron V."]
[Result "0-1"]
[WhiteElo "1831"]
[BlackElo "1744"]

1. e4 c5 2. Nc3 Nc6 3. g3 Rb8 4. Bg2 b5 5. d3 b4 6. Nce2 e6 7. f4 d5 8. e5
h5 9. Nf3 Nge7 10. Nh4 g6 11. d4 cxd4 12. Nxd4 Nxd4 13. Qxd4 Qb6 14. Be3 
Qxd4 15. Bxd4 Nc6 16. Be3 a5 17. O-O-O Be7 18. Nf3 Ba6 19. Bf1 Bxf1 20. 
Rhxf1 O-O 21. Nd4 Nxd4 22. Bxd4 Rfc8 23. Rd3 a4 24. Kb1 a3 25. bxa3 bxa3+ 
26. Rb3 Rxb3+ 27. cxb3 Kg7 28. Rc1 Rxc1+ 29. Kxc1 Bb4 30. Kc2 Kf8 31. Kd3 
Ke8 32. Bc3 Bc5 33. Bd4 Bb4 34. Bc3 Bc5 35. Be1 Kd7 36. b4 Bg1 37. h3 Kc6 
38. Kc3 Kb5 39. Kb3 Bd4 40. Kxa3 f6 41. exf6 Bxf6 42. Kb3 e5 43. a4+ Ka6 
44. fxe5 Bxe5 45. Bf2 Bd6 46. g4 {White withdrew} 0-1

[Event "Winter Server Series, S02005"]
[Site "CCLA"]
[Date "2020.02.25"]
[Round "?"]
[White "Schoenwald, Ira"]
[Black "McLaughlin, Ed"]
[Result "1-0"]
[WhiteElo "1593"]
[BlackElo "1620"]

1. d4 e6 2. Nc3 d5 3. Bf4 Nf6 4. e3 a6 5. Bd3 c5 6. dxc5 Bxc5 7. Nf3 Nc6 
8. O-O O-O 9. e4 dxe4 10. Nxe4 Nxe4 11. Bxe4 Qf6 12. Qc1 h6 13. Bxc6 bxc6 
14. Be5 Qe7 15. Rd1 Bb7 16. c3 Bb6 17. Bd6 1-0

[Event "Winter Server Series, S02005"]
[Site "CCLA"]
[Date "2020.02.25"]
[Round "?"]
[White "Schoenwald, Ira"]
[Black "Kleine, Larry"]
[Result "1/2-1/2"]
[WhiteElo "1593"]
[BlackElo "1613"]

1. d4 Nf6 2. Nc3 d5 3. Bf4 c5 4. e3 cxd4 5. exd4 a6 6. Nf3 Nc6 7. Ne5 e6 
8. Nxc6 bxc6 9. Na4 Bd6 10. Bxd6 Qxd6 11. Bd3 O-O 12. O-O e5 13. c3 
1/2-1/2

[Event "Winter Server Series, S02005"]
[Site "CCLA"]
[Date "2020.02.25"]
[Round "?"]
[White "Schoenwald, Ira"]
[Black "Greco, Tom"]
[Result "1-0"]
[WhiteElo "1593"]
[BlackElo "1558"]

1. d4 Nf6 2. Nc3 d5 3. Bf4 Bf5 4. f3 e6 5. g4 Bg6 6. h4 h5 7. g5 Nfd7 8. 
e3 a6 9. Bd3 Bxd3 10. cxd3 Nc6 11. Nge2 Be7 12. Kf2 Nb6 13. Rc1 f6 14. Qg1
fxg5 15. Bxg5 Bxg5 16. hxg5 g6 17. Nf4 Kf7 18. Nce2 Re8 19. Qh2 Rh8 20. 
Nxg6 Kxg6 21. Nf4+ Kf7 22. Nxh5 Ke7 23. g6 Nd7 24. Qh4+ 1-0

[Event "Winter Server Series, S02005"]
[Site "CCLA"]
[Date "2020.02.25"]
[Round "?"]
[White "McLaughlin, Ed"]
[Black "Kleine, Larry"]
[Result "0-1"]
[WhiteElo "1620"]
[BlackElo "1613"]

1. d4 Nf6 2. Nd2 d5 3. e3 e6 4. Bd3 c5 5. c3 Nc6 6. f4 Bd6 7. Ngf3 cxd4 8.
 cxd4 O-O 9. O-O b6 10. Ne5 Nb4 11. Bb1 Bb7 12. g4 Rc8 13. g5 Ne8 14. 
Bxh7+ Kxh7 15. Qh5+ Kg8 16. Rf3 g6 17. Nxg6 fxg6 18. Qxg6+ Ng7 19. Rh3 Qd7
20. Rh7 Rf7 21. Qh6 Kf8 22. g6 Rc7 23. gxf7 Qxf7 24. Qh4 Qg6+ 25. Kh1 Be7 
26. Qh6 Qxh6 27. Rxh6 Nxa2 0-1

[Event "Winter Server Series, S02005"]
[Site "CCLA"]
[Date "2020.02.25"]
[Round "?"]
[White "McLaughlin, Ed"]
[Black "Greco, Tom"]
[Result "1-0"]
[WhiteElo "1620"]
[BlackElo "1558"]

1. d4 Nf6 2. Nd2 d5 3. f4 Bf5 4. Ngf3 Ne4 5. e3 Nd7 6. Nh4 Nxd2 7. Nxf5 
Ne4 8. Bd3 Ndf6 9. O-O Qd7 10. Nh4 e6 11. Nf3 c5 12. c3 Be7 13. Ne5 Qc7 
14. Qa4+ Nd7 15. Bb5 Nf6 16. g4 O-O 17. Nxd7 Nxd7 18. Bxd7 a6 19. f5 b5 
20. Bxb5 axb5 21. Qc2 cxd4 22. exd4 Bd6 23. f6 e5 24. fxg7 Rfe8 25. dxe5 
Bc5+ 26. Kh1 Qxe5 27. Qf5 Qe4+ 28. Qxe4 dxe4 29. Rf5 Rac8 30. Bf4 b4 31. 
Be5 bxc3 32. Bxc3 Bf2 33. Kg2 e3 34. Kf1 Rc4 35. h3 Rce4 36. Ke2 h6 37. 
Rd1 Bh4 38. Rd7 R4e7 39. Rxe7 Rxe7 40. Re5 1-0

[Event "Winter Server Series, S02005"]
[Site "CCLA"]
[Date "2020.02.25"]
[Round "?"]
[White "Kleine, Larry"]
[Black "Schoenwald, Ira"]
[Result "1-0"]
[WhiteElo "1613"]
[BlackElo "1593"]

1. d4 Nf6 2. c4 c5 3. d5 b5 4. Nf3 Bb7 5. Nbd2 bxc4 6. e4 Qa5 7. Bxc4 e6 
8. O-O Qb6 9. dxe6 dxe6 10. e5 Nd5 11. Qc2 Be7 12. Ne4 O-O 13. Neg5 Bxg5 
14. Nxg5 g6 15. Re1 Qc6 16. f3 Nd7 17. Qe4 N7b6 18. Bxd5 Nxd5 19. Qh4 h5 
20. g4 Kg7 21. Bd2 Rh8 22. Ne4 Qc7 23. Nd6 Bc6 24. g5 Rhf8 25. Rac1 Ne7 
26. Rxc5 Qb6 27. Qb4 Qa6 28. Ra5 Qd3 29. Re3 Qc2 30. Qc3 Qxc3 31. Rxc3 Bd5
32. Rc7 Nc6 33. Rxd5 exd5 34. Rxc6 Rab8 35. Bc3 Rb6 36. e6+ Kg8 37. Rxb6 
axb6 38. e7 1-0

[Event "Winter Server Series, S02005"]
[Site "CCLA"]
[Date "2020.02.25"]
[Round "?"]
[White "Kleine, Larry"]
[Black "McLaughlin, Ed"]
[Result "0-1"]
[WhiteElo "1613"]
[BlackElo "1620"]

1. d4 d5 2. c4 Nf6 3. cxd5 Nxd5 4. Nf3 Nd7 5. e4 N5f6 6. e5 Nd5 7. e6 fxe6
8. Bc4 g6 9. O-O N7f6 10. Re1 Qd6 11. Nc3 Bg7 12. Qe2 c6 13. Bd2 b5 14. 
Bb3 a5 15. a3 a4 16. Bc2 Nc7 17. Rad1 Nfd5 18. Ne4 Qd8 19. Bg5 h6 20. Bd2 
O-O 21. Nc5 Rf6 22. Ne5 Qe8 23. Qg4 g5 24. h4 gxh4 25. Bg6 Rxg6 26. Qxg6 
Qxg6 27. Nxg6 Bxd4 28. Nd3 h3 29. gxh3 Bd7 30. Nge5 Be8 31. Bxh6 c5 32. 
Rd2 Bh5 33. Nc6 Bf6 34. Nxc5 Kh7 35. Be3 Rg8+ 36. Kh2 Bf3 37. Rg1 Rxg1 38.
 Kxg1 Nxe3 39. fxe3 Bxc6 40. Rd8 Bxb2 0-1

[Event "Winter Server Series, S02005"]
[Site "CCLA"]
[Date "2020.02.25"]
[Round "?"]
[White "Kleine, Larry"]
[Black "Greco, Tom"]
[Result "1-0"]
[WhiteElo "1613"]
[BlackElo "1558"]

1. d4 Nf6 2. c4 e6 3. Nf3 b6 4. e3 Bb7 5. Bd3 d5 6. cxd5 exd5 7. O-O Bd6 
8. b3 Qe7 9. Bb2 Nbd7 10. Nc3 a6 11. Rc1 O-O 12. Ne2 Ne4 13. Ng3 f5 14. 
Rc2 Rf7 15. Qe2 g5 16. Rfc1 g4 17. Nd2 Nxg3 18. hxg3 Nf8 19. a4 Ne6 20. 
Nf1 Qg5 21. Qe1 h5 22. f4 gxf3 23. gxf3 f4 24. Rg2 fxg3 25. f4 Qh6 26. 
Rxg3+ Kf8 27. Rc2 Re8 28. Bg6 Nxf4 29. Bxf7 Kxf7 30. Qf2 h4 31. Rg4 Rg8 
32. Rxg8 Kxg8 33. exf4 Bxf4 34. Qg2+ Kf7 35. Rf2 Ke7 36. Ba3+ Kd7 37. Qg4+
1-0

[Event "Winter Server Series, S02005"]
[Site "CCLA"]
[Date "2020.02.25"]
[Round "?"]
[White "Greco, Tom"]
[Black "Schoenwald, Ira"]
[Result "1-0"]
[WhiteElo "1558"]
[BlackElo "1593"]

1. d4 Nf6 2. c4 c5 3. d5 b5 4. Nf3 Bb7 5. Qc2 bxc4 6. e4 e6 7. Bxc4 exd5 
8. exd5 Bxd5 9. Bxd5 Nxd5 10. O-O Be7 11. Re1 O-O 12. Qe4 Nb4 13. Qxa8 Nc2
14. Qe4 Nxe1 15. Qxe1 Re8 16. Be3 d5 17. Na3 d4 18. Rd1 Bf6 19. Qf1 Qc7 
20. Bc1 Nc6 21. Re1 Rd8 22. Qe2 h6 23. Qe4 d3 24. Nc4 Qc8 25. Re3 1-0

[Event "Winter Server Series, S02005"]
[Site "CCLA"]
[Date "2020.02.25"]
[Round "?"]
[White "Greco, Tom"]
[Black "McLaughlin, Ed"]
[Result "0-1"]
[WhiteElo "1558"]
[BlackElo "1620"]

1. d4 d5 2. c4 e6 3. Nc3 Nf6 4. cxd5 exd5 5. Bg5 Be7 6. e3 O-O 7. Bd3 c6 
8. Qc2 h6 9. Bh4 Nbd7 10. Nge2 Re8 11. O-O Nf8 12. f3 Nh5 13. Bxe7 Qxe7 
14. e4 Qg5 15. f4 Qd8 16. Rf3 Bg4 17. Re3 dxe4 18. Rxe4 Rxe4 19. Bxe4 Ne6 
20. Qd2 Nf6 21. Qe3 Qb6 22. b3 Rd8 23. Rd1 Nxe4 24. Qxe4 Bxe2 25. Nxe2 c5 
26. f5 Nxd4 27. Nc3 c4 28. g4 Ne2+ 29. Kg2 Nxc3 0-1

[Event "Winter Server Series, S02005"]
[Site "CCLA"]
[Date "2020.02.25"]
[Round "?"]
[White "Greco, Tom"]
[Black "Kleine, Larry"]
[Result "1/2-1/2"]
[WhiteElo "1558"]
[BlackElo "1613"]

1. d4 Nf6 2. c4 g6 3. Nc3 d5 4. cxd5 Nxd5 5. e4 Nxc3 6. bxc3 Bg7 7. Nf3 c5
8. Rb1 O-O 9. Be2 cxd4 10. cxd4 Qa5+ 11. Bd2 Qxa2 12. O-O Bg4 13. Bg5 h6 
14. Be3 Nc6 15. d5 Na5 16. Bc5 b6 17. Bxe7 Rfe8 18. d6 Nc6 19. Bb5 Nxe7 
20. Bxe8 Rxe8 21. dxe7 Qa3 22. h3 Bxf3 23. Qxf3 Qxe7 24. Rfe1 Qb7 25. Rb4 
Qc6 26. e5 Qxf3 27. gxf3 Rxe5 28. Rxe5 Bxe5 29. f4 Bd6 30. Rc4 Bc5 31. Kf1
f5 32. Ke2 Kf7 33. f3 Ke6 34. Rc2 Kd5 35. Kd3 g5 36. fxg5 hxg5 37. Rg2 Be7
38. Rc2 Bc5 39. Rg2 Be7 1/2-1/2

[Event "Winter Server Series, S02006"]
[Site "CCLA"]
[Date "2020.02.25"]
[Round "?"]
[White "Graupera, Carlos"]
[Black "Nurmi, Ronald"]
[Result "0-1"]
[WhiteElo "1447"]
[BlackElo "1490"]

1. e4 d5 2. exd5 Qxd5 3. Nc3 Qd6 4. d4 Nf6 5. Bc4 a6 6. Bg5 b5 7. Bb3 Bg4 
8. f3 Bf5 9. Nge2 Nbd7 10. Qd2 e6 11. a3 Be7 12. O-O O-O 13. Rad1 Qb6 14. 
Ng3 Bg6 15. Nge4 Rfe8 16. Rfe1 c6 17. Bh4 Nxe4 18. fxe4 Bxh4 19. g3 Be7 
20. Qe3 Nf6 21. h3 Rad8 22. Kh2 Bf8 23. e5 Nd5 24. Nxd5 cxd5 0-1